000 00487nam a2200145Ia 4500
008 100204s9999 xx 000 0 und d
082 _b3126
100 _aशेळके उध्दव ज.
245 _aचार इंचाचा माणूस
260 _b"अनुपम प्रकाशन, पुणे"
_c1978
300 _a94
630 _aचार इंचाचा माणूस
730 _aचार इंचाचा माणूस
942 _cBOOK
999 _c448098
_d448095